LEADER 00921nam0 2200289 450 001 000024086 005 20081222112341.0 100 $a20081222d1941----km-y0itaa50------ba 101 0 $afre 102 $aFR 200 1 $aMélange$fPaul Valéry 205 $a33. ed. 210 $a[Paris]$cGallimard$dc1941 215 $a244 p.$d19 cm 225 2 $aNrf 410 1$12001$aNrf 676 $a840.9$v(21. ed.)$9Letterature romanze. Letteratura francese. 1900- 700 1$aValéry,$bPaul$0757467 801 0$aIT$bUniversitŕ della Basilicata - B.I.A.$gRICA$2unimarc 912 $a000024086 996 $aMélange$91528210 997 $aUNIBAS BAS $aLETTERE CAT $aEXT10$b01$c20081222$lBAS01$h1044 CAT $aEXT10$b01$c20081222$lBAS01$h1123 FMT Z30 -1$lBAS01$LBAS01$mBOOK$1BASA1$APolo Storico-Umanistico$2FMAS$BFondo Masini$3FMas/817/816$6817/816$5B817/816$820081222$f04$FPrestabile Didattica LEADER 01201nam 22003973 450 001 9910130479203321 005 20091023000000.0 010 $a88-6081-606-8 035 $a(CKB)3400000000020039 035 $a(ItFiC)it 02413413 035 $a(EXLCZ)993400000000020039 100 $a20101102d2009 uy 0 101 0 $aita 200 10$aAuschwitz e il new humanism $eil canto di Ulisse delle vittime della ferocia nazista /$fLetizia Evangelisti 210 $aRoma $cArmando$d2009 215 $a266 p. $cill. ;$d22 cm 225 0$aScaffale aperto 300 $aAlso cont. brief biographies of the artists. 320 $aIncludes bibliographical references. 517 $aAuschwitz e il new humanism 517 $aAuschwitz e il new humanism : il canto di Ulisse delle vittime della ferocia nazista 517 $aAuschwitz e il 'New humanism' 676 $a709 676 $a940 676 $a365 676 $a296 676 $a759 676 $a741 676 $a704 700 $aEvangelisti$b Letizia$01022214 801 0$bItFiC 801 1$bItFiC 906 $aBOOK 912 $a9910130479203321 996 $aAuschwitz e il new humanism$92427929 997 $aUNINA